000 00690cam a22002413a 4500
001 23369
003 PGUSA
005 20140828083511.0
008 071106s2007||||xxu|||||s|||||000 1 eng d
040 _aPGUSA
_beng
042 _adc
050 4 _aPS
100 1 _aBacon, Josephine Daskam,
_d1876-1961
245 1 0 _aMrs. Dud's Sister
_h[electronic resource] /
_cJosephine Daskam Bacon
260 _bProject Gutenberg,
_c2007
506 _aPublic domain in the USA.
516 _aElectronic text
653 _aMiddle-aged persons -- Fiction
653 _aLove stories, American
830 0 _aProject Gutenberg
_v23369
856 4 0 _uhttp://www.gutenberg.org/ebooks/23369
942 _cEB
999 _c252624
_d252624